000
00211nam a22000857a 4500
008
160914b xxu||||| |||| 00| 0 eng d
100
_9
436
_a
Ban. P
245
_a
CCE question Bank-IX (Hindi)
260
_a
New Delhi
_c
2013
999
_c
3095
_d
3095